| 000 | 01194nam a22002411i 4500 | ||
|---|---|---|---|
| 001 | 182708 | ||
| 003 | ES-MaACL | ||
| 005 | 20231228063300.0 | ||
| 008 | 131016s1940 sp |||| | spa d | ||
| 080 | _a18.01(46)"14/17" | ||
| 080 | _a821.134.2.09"14/17" | ||
| 100 | 1 |
_aMenéndez y Pelayo, Marcelino, _d1856-1912 _980332 |
|
| 245 | 1 | 0 |
_aHistoria de las ideas estéticas en España / _c[Menéndez Pelayo] ; edición revisada y compulsada por Enrique Sánchez Reyes. |
| 260 |
_aSantander : _bConsejo Superior de Investigaciones Científicas, _c1940 ( _fAldus) |
||
| 300 |
_a5 v. ; _c21 cm. |
||
| 490 | 1 |
_aEdición nacional de las obras completas de Menéndez Pelayo ; _v1-5 |
|
| 505 | 8 | _aContiene: I. Preliminar y siglo XV (XX, 534 p.) - II. Siglos XVI y XVII (506 p.) - III. Siglo XVIII (671 p.) - IV. Introducción al siglo XIX (I Alemania-II Inglaterra) (422 p.) - V. Introducción al siglo XIX (III Francia) (521 p.) | |
| 650 | 4 |
_aEstética- _zEspaña- _vHistoria. _9153682 |
|
| 700 | 1 |
_aSánchez Reyes, Enrique. _9102876 |
|
| 830 | 1 |
_aEdición nacional de las obras completas de Menéndez y Pelayo _v1-5 _9224235 |
|
| 852 |
_aES-MaACL _jE-3162-66 |
||
| 999 |
_c182708 _d182708 |
||